000 00347nam a2200133Ia 4500
008 191206s9999 xx 000 0 und d
020 _a0316833584 (pbk.)
090 _aPE14175443
245 0 _aShort model essays
260 _a"Little, Brown"
260 _ccc1981
300 _a"xiv, 338 p. : ill. ; 21 cm."
999 _c16899
_d16899